Apuntes para la historia de la radio emisora H.I.T. : (Record no. 16299)
[ view plain ]
| 000 -CABECERA | |
|---|---|
| campo de control de longitud fija | 00864nam a2200205 a 4500 |
| 001 - NÚMERO DE CONTROL | |
| campo de control | 000016767 |
| 005 - FECHA Y HORA DE LA ÚLTIMA TRANSACCIÓN | |
| campo de control | 20200929164945.0 |
| 008 - DATOS DE LONGITUD FIJA--INFORMACIÓN GENERAL | |
| campo de control de longitud fija | 100310t1989 dr ach 001 0 spa d |
| 040 ## - FUENTE DE LA CATALOGACIÓN | |
| Centro catalogador/agencia de origen | DO-SdBNP |
| Lengua de catalogación | spa |
| Centro/agencia transcriptor | BNPHU |
| 082 ## - NÚMERO DE LA CLASIFICACIÓN DECIMAL DEWEY | |
| Número de clasificación | 384.54065 |
| Número de documento/Ítem | R696a |
| 100 1# - ENTRADA PRINCIPAL--NOMBRE DE PERSONA | |
| Nombre de persona | Rodríguez M., Luis Ramón, |
| Fechas asociadas al nombre | 1923- |
| 9 (RLIN) | 37154 |
| 245 10 - MENCIÓN DE TÍTULO | |
| Título | Apuntes para la historia de la radio emisora H.I.T. : |
| Resto del título | 1931-1969 / |
| Mención de responsabilidad, etc. | Luis Ramón Rodríguez. |
| 260 ## - PUBLICACIÓN, DISTRIBUCIÓN, ETC. | |
| Lugar de publicación, distribución, etc. | Santo Domingo : |
| Nombre del editor, distribuidor, etc. | Fundación Barceló : |
| -- | Circulo de Locutores Dominicanos, |
| Fecha de publicación, distribución, etc. | 1989. |
| 300 ## - DESCRIPCIÓN FÍSICA | |
| Extensión | 46 p. : |
| Otras características físicas | il., facsíms., retrs. ; |
| Dimensiones | 21 cm. |
| 590 ## - NOTA LOCAL (RLIN) | |
| Nota local | Inventariado, 2018/VM |
| 650 #4 - PUNTO DE ACCESO ADICIONAL DE MATERIA--TÉRMINO DE MATERIA | |
| Término de materia o nombre geográfico como elemento de entrada | Radioemisoras |
| Subdivisión general | Historia |
| Subdivisión geográfica | República Dominicana |
| 9 (RLIN) | 34343 |
| 650 #4 - PUNTO DE ACCESO ADICIONAL DE MATERIA--TÉRMINO DE MATERIA | |
| Término de materia o nombre geográfico como elemento de entrada | Medios de comunicación de masas |
| Subdivisión general | Historia |
| -- | República dominicana |
| 9 (RLIN) | 21016 |
| 710 02 - PUNTO DE ACCESO ADICIONAL--NOMBRE DE ENTIDAD CORPORATIVA | |
| Nombre de entidad corporativa o nombre de jurisdicción como elemento de entrada | Radioemisora H.I.T. (República Dominicana) |
| 9 (RLIN) | 37155 |
| 910 ## - DATOS DE OPCIÓN DEL USUARIO (OCLC) | |
| Datos de opción del usuario | Validado. Control de calidad EMS. |
| Estado de retiro | Estado de pérdida | Restricciones de uso | No para préstamo | Código de colección | Localización permanente | Ubicación/localización actual | Ubicación en estantería | Fecha de adquisición | Número de inventario | Total de préstamos | Signatura topográfica completa | Código de barras | Fecha visto por última vez | Número de copia | Precio válido a partir de | Tipo de ítem Koha |
|---|---|---|---|---|---|---|---|---|---|---|---|---|---|---|---|---|
| Dominicana de Servicio | General | General | Depósito | 10.03.2010 | LF1 | 384.54065 R696a | 16767-30 | 25.06.2020 | e. 3 | 25.06.2020 | Libro y Folleto Colección Dominicana de Servicio | |||||
| Extraviado | Dominicana de Servicio | General | General | Extraviado | 12.10.2010 | LF1 | 384.54065 R696a | 16767-40 | 25.06.2020 | e. 4 | 25.06.2020 | Libro y Folleto Colección Dominicana de Servicio | ||||
| Extraviado | Dominicana de Servicio | General | General | Extraviado | 12.10.2010 | LF1 | 384.54065 R696a | 16767-50 | 25.06.2020 | e. 5 | 25.06.2020 | Libro y Folleto Colección Dominicana de Servicio | ||||
| Excluido de préstamo | Patrimonio Dominicano | Patrimonio Dominicano | Patrimonio Dominicano | Depósito | 10.03.2010 | LF1 | 384.54065 R696a | 16767-10 | 25.06.2020 | 25.06.2020 | Libro y Folleto Colección Patrimonio Dominicano | |||||
| Excluido de préstamo | Patrimonio Dominicano | Patrimonio Dominicano | Patrimonio Dominicano | Depósito | 10.03.2010 | LF1 | 384.54065 R696a | 16767-20 | 25.06.2020 | e. 2 | 25.06.2020 | Libro y Folleto Colección Patrimonio Dominicano |
